Konvergenčný proces medzi IFRS a US GAAP
Informácia o priebiehajúcom konvergenčnom procese medzi IFRS a US GAAP a jeho vývoji v najbližšom období.
Guardado en:
| Autor principal: | |
|---|---|
| Otros Autores: | |
| Formato: | Capítulo de libro |
| Lenguaje: | eslovaco |
| Materias: | |
| Etiquetas: |
Sin Etiquetas, Sea el primero en etiquetar este registro!
|
MARC
| LEADER | 00000naa$a2200000$$$4500 | ||
|---|---|---|---|
| 001 | 0044800 | ||
| 005 | 20240502071524.3 | ||
| 041 | 0 | |a slo | |
| 044 | |a SK | ||
| 245 | 1 | 0 | |a Konvergenčný proces medzi IFRS a US GAAP |c Daša Mokošová, Libor Vašek |
| 520 | |a Informácia o priebiehajúcom konvergenčnom procese medzi IFRS a US GAAP a jeho vývoji v najbližšom období. | ||
| 610 | 2 | 0 | |a pravidlá účtovné |
| 610 | 2 | 0 | |a závierka účtovná |
| 610 | 2 | 0 | |a konvergencia |
| 610 | 2 | 0 | |a účtovníctvo finančné |
| 610 | 2 | 0 | |a normy účtovné |
| 100 | 1 | |a Mokošová, Daša, 1979- | |
| 700 | 1 | |a Vašek, Libor | |